Guía ambiental para la producción limpia en el cultivo de fríjol a partir del estudio de caso de los cultivos en el Valle de Sibundoy-Putumayo (Registro nro. 7054)

Detalles MARC
000 -CABECERA
Campo de control 00988nam a2200265 a 4500
005 - FECHA Y HORA DE LA ULTIMA TRANSACCION
Campo de control 20160113045836.0
008 - ELEMENTOS DE LONGITUD FIJA—INFORMACION GENERAL
Campo de control 160113s2007 ck d gr|||| 000 0 spa d
020 ## - ISBN
ISBN 9789588368016
040 ## - FUENTE DE CATALOGACIÓN
Agencia catalogadora original CO-BoIAVH
Agencia transcriptora CO-BoIAVH
041 0# - IDIOMA
Código de idioma para texto/pista de sonido o título separado Español
044 ## - PAÍS DE PUBLICACIÓN
País de publicación Colombia
082 04 - NUMERO DE CLASIFICACION DECIMAL DEWEY
Número de clasificación 635.652
Número del ítem C82g
110 2# - ASIENTO PRINCIPAL--NOMBRE CORPORATIVO
Nombre corporativo o de jurisdicción como elemento de entrada Corporación para el Desarrollo Sostenible del Sur de la Amazonia
9 (RLIN) 50186
245 00 - MENCION DE TITULO
Título Guía ambiental para la producción limpia en el cultivo de fríjol a partir del estudio de caso de los cultivos en el Valle de Sibundoy-Putumayo
250 ## - MENCION DE EDICION
Mención de edición Primera edición
260 ## - PUBLICACION, DISTRIBUCION, ETC. (PIE DE IMPRENTA)
Lugar de publicación, distribución, etc. Medellín :
Nombre del editor, distribuidor, etc. CORPOAMAZONIA,
Fecha de publicación, distribución, etc. 2007.
300 ## - DESCRIPCION FISICA
Extensión 160 páginas :
Otros detalles físicos Gráficos ;
Dimensiones 27 x 21 cm.
650 #6 - ASIENTO SECUNDARIO DE MATERIA - TERMINO TEMATICO
Término temático o nombre geográfico como elemento de entrada Guías ambientales
9 (RLIN) 20406
650 #6 - ASIENTO SECUNDARIO DE MATERIA - TERMINO TEMATICO
Término temático o nombre geográfico como elemento de entrada Fríjol
Subdivisión general Cultivo
9 (RLIN) 50187
650 #6 - ASIENTO SECUNDARIO DE MATERIA - TERMINO TEMATICO
Término temático o nombre geográfico como elemento de entrada Fríjol
Subdivisión general Aspectos Ambientales
9 (RLIN) 50188
650 #6 - ASIENTO SECUNDARIO DE MATERIA - TERMINO TEMATICO
Término temático o nombre geográfico como elemento de entrada Fríjol
Subdivisión general Producción
9 (RLIN) 50189
650 #6 - ASIENTO SECUNDARIO DE MATERIA - TERMINO TEMATICO
Término temático o nombre geográfico como elemento de entrada Producción limpia
Subdivisión general Frijol
9 (RLIN) 50190
662 ## - ASIENTO SECUNDARIO DE MATERIA - JERARQUIA DEL NOMBRE DE LUGAR(
País o entidad mayor Colombia
Jurisdicción política de primer orden Amazonas
Jurisdicción política intermedia Valle de Sibundoy
Ciudad Putumayo
942 ## - ELEMENTOS ADICIONALES (KOHA)
Tipo de ítem Libro
Sistema de clasificación Dewey Decimal Classification
Existencias
Withdrawn status Lost status Sistema de Clasificación Damaged status No para préstamo Colección Inventariado Ubicación Permanente Ubicación actual Fecha de adquisición Fuente de Valor Valor Total Checkouts Número topográfico Inventario / Código de Barras Date last seen Ejemplar Price effective from Forma de adquisición Tipo de material
    Dewey Decimal Classification     General Inventariado 2017 Bogotá Bogotá 13/08/2009 Instituto 39000.00   LB-635.652 G89g 027442 04/12/2012 Ej.1 04/12/2012   Libro